A Dictionary of weights, measures, and units / (Record no. 15018)
[ view plain ]
| 000 -LEADER | |
|---|---|
| fixed length control field | 00703nam a22002172 4500 |
| 001 - CONTROL NUMBER | |
| control field | 0000007016 |
| 005 - DATE AND TIME OF LATEST TRANSACTION | |
| control field | 20151217161137.0 |
| 008 - FIXED-LENGTH DATA ELEMENTS--GENERAL INFORMATION | |
| fixed length control field | 071107s xx 000 0 eng d |
| 020 ## - INTERNATIONAL STANDARD BOOK NUMBER | |
| International Standard Book Number | 0198605226 : |
| Terms of availability | KES 1220 |
| 040 ## - CATALOGING SOURCE | |
| Original cataloging agency | KABU |
| Transcribing agency | KABU |
| 100 1# - MAIN ENTRY--PERSONAL NAME | |
| Personal name | Fenna, Donald. |
| -- | 0000158031 |
| 245 12 - TITLE STATEMENT | |
| Title | A Dictionary of weights, measures, and units / |
| Statement of responsibility, etc. | Donald Fenna. |
| 260 ## - PUBLICATION, DISTRIBUTION, ETC. (IMPRINT) | |
| Place of publication, distribution, etc. | Oxford : |
| Name of publisher, distributor, etc. | O. U. P., |
| Date of publication, distribution, etc. | 2002. |
| 300 ## - PHYSICAL DESCRIPTION | |
| Extent | x, 320 p. |
| 650 #0 - SUBJECT ADDED ENTRY--TOPICAL TERM | |
| Topical term or geographic name as entry element | Weights and measures |
| General subdivision | Dictionaries. |
| -- | 0000158032 |
| 650 #0 - SUBJECT ADDED ENTRY--TOPICAL TERM | |
| Topical term or geographic name as entry element | Measurement |
| General subdivision | Dictionaries. |
| -- | 0000158033 |
| 650 #0 - SUBJECT ADDED ENTRY--TOPICAL TERM | |
| Topical term or geographic name as entry element | Units of measurement |
| General subdivision | Dictionaries. |
| -- | 0000158034 |
| 908 ## - PUT COMMAND PARAMETER (RLIN) | |
| Put command parameter | 071107 |
| 950 ## - LOCAL HOLDINGS (RLIN) | |
| -- | 1 |
| Withdrawn status | Lost status | Source of classification or shelving scheme | Not for loan | Home library | Current library | Date acquired | Total Checkouts | Full call number | Barcode | Date last seen | Price effective from | Koha item type |
|---|---|---|---|---|---|---|---|---|---|---|---|---|
| Library of Congress Classification | Not For Loan | Kabarak, Main Campus | Kabarak, Main Campus | 17/12/2015 | QC82 .F46 | 010968 | 17/12/2015 | 17/12/2015 | Reference |